| 000 | 00788nam a22002177a 4500 | ||
|---|---|---|---|
| 008 | 090202t xxu||||| |||| 00| 0 eng d | ||
| 010 | _aENG-92750 | ||
| 020 |
_a9788190795500 _c60.00 |
||
| 035 | _aEN-76283 | ||
| 037 | _bDBAD / PUB | ||
| 040 |
_adpl _bEnglish |
||
| 082 | _a954.01 | ||
| 100 | _aPalaniyammal, K. | ||
| 245 |
_aAncient India upto 300 A.D. / _cby K. Palaniyammal |
||
| 260 |
_aErode` _bPallavi Publications _c2008 |
||
| 270 |
_a194, Kanna Complex, Mettur Road, _bErode _e11 |
||
| 300 |
_a215p. _c20cm (pbk) |
||
| 651 |
_aIndia _xHistory. |
||
| 942 |
_2ddc _cEN _mPAL _h954.01 |
||
| 999 |
_c22830 _d22830 |
||